| 000 | 00562nam a2200193Ii 4500 | ||
|---|---|---|---|
| 003 | JO-AjNU | ||
| 005 | 20241113120447.0 | ||
| 008 | 230605s9999||||xx |||||||||||||| ||und|| | ||
| 017 | _a2007/1/116 | ||
| 040 |
_aJO-AjNU _bara _erda _cJO-AjNU |
||
| 041 | _aara | ||
| 050 | 1 | 4 | _aTH145.S25 2007 |
| 245 | _aمخرج بموجب مستند اخراجات رقم 61 | ||
| 336 |
_atext _btxt _2rdacontent |
||
| 337 |
_aunmediated _bn _2rdamedia |
||
| 338 |
_avolume _bnc _2rdacarrier |
||
| 650 | 4 |
_aادارة المشروعات الهندسية _950508 |
|
| 942 |
_2lcc _cBK |
||
| 999 |
_c25821 _d25821 |
||